000 00654nam a22001937a 4500
999 _c167505
_d167505
005 20190905143509.0
010 _aENG-126438
020 _c1195.00
_a978-93-86552-82-2
035 _aEN-109970
037 _bDBAD/PUB
082 _a577.6609541
100 _aVipul Singh
245 _aSpeaking rivers :
_bEnvironment history of a mid-ganga flood country, 1540-1885
_cby Vipul Singh
260 _aDelhi
_bPrimus Books
_c2018
270 _bDelhi
_aVirat Bhavan Mukherjee Nagar Commercial Complex
_e110009
300 _a228p.
_c23cm(hb)
_bill.
500 _aIncludes Index, bibliography and epilogue
942 _2ddc
_cEN
_h577.6609541
_mVIP